书目信息 |
| 题名: |
王安石评传
|
|
| 作者: | 梁启超 著 ;言心 编 | |
| 分册: | ||
| 出版信息: | 北京 中华工商联合出版社 2018 |
|
| 页数: | 263页 | |
| 开本: | 23cm | |
| 丛书名: | 创客读库 | |
| 单 册: | ||
| 中图分类: | B244.55 | |
| 科图分类: | ||
| 主题词: | ||
| 电子资源: | ||
| ISBN: | 978-7-5158-2316-4 | |
| 000 | 00917oam2 2200253 450 | |
| 001 | 2261266686 | |
| 005 | 20220920170122.22 | |
| 010 | @a978-7-5158-2316-4@b精装@dCNY49.80 | |
| 100 | @a20190226d2018 em y0chiy50 ea | |
| 101 | 0 | @achi |
| 102 | @aCN@b110000 | |
| 105 | @ay z 000yd | |
| 200 | 1 | @a王安石评传@9wang an shi ping chuan@f梁启超著@g言心编 |
| 210 | @a北京@c中华工商联合出版社@d2018 | |
| 215 | @a263页@d23cm | |
| 225 | 2 | @a创客读库 |
| 330 | @a《王安石评传》为梁启超所著,王安石作为数千年中华文明中少见的完人,其品格和贡献都值得后人景仰与学习。本书笔墨主要集中在王安石的政术思想上,为读者呈现了一位勇敢坚韧、坦荡磊落的人物形象,再现了王安石的才识和风度,方便读者阅读和学习。 | |
| 461 | 0 | @12001 @a创客读库 |
| 600 | 0 | @a王安石@f(1021-1086)@x评传 |
| 690 | @aB244.55@v5 | |
| 701 | 0 | @a梁启超@9liang qi chao@4著 |
| 702 | 0 | @a言心@9yan xin@4编 |
| 801 | 0 | @aCN@b91MARC@c20190226 |
| 905 | @aZUCC@dB244.55@e6 | |
| 王安石评传/梁启超著/言心编.-北京:中华工商联合出版社,2018 |
| 263页;23cm.-(创客读库) |
| ISBN 978-7-5158-2316-4(精装):CNY49.80 |
| 《王安石评传》为梁启超所著,王安石作为数千年中华文明中少见的完人,其品格和贡献都值得后人景仰与学习。本书笔墨主要集中在王安石的政术思想上,为读者呈现了一位勇敢坚韧、坦荡磊落的人物形象,再现了王安石的才识和风度,方便读者阅读和学习。 |
| ● |
| 相关链接 |
|
|
|
正题名:王安石评传
索取号:B244.55/6
 
预约/预借
| 序号 | 登录号 | 条形码 | 馆藏地/架位号 | 状态 | 备注 |
| 1 | 2000899278 | 2000899278 | 第三书库/ [索取号:B244.55/6] | 在馆 | |
| 2 | 2000899279 | 2000899279 | 第三书库/ [索取号:B244.55/6] | 在馆 | |
| 3 | 2000899280 | 2000899280 | 第三书库/ [索取号:B244.55/6] | 在馆 |